LEADER 00952cam0 2200265 450 001 E600200035104 005 20210128090011.0 100 $a20080229d1967 |||||ita|0103 ba 101 $aeng 102 $aIT 200 1 $aToward a unified theory of human behavior$eAn Introduction to General Systems Theory$fEdited by Roy R. Grinker, SR.$gHelen MacGill Hughes 205 $a2 ed. 210 $aNew York$cBasic Books Inc.$d1967 215 $aXXV, 390 p.$d24 cm 702 1$aMacGill Hughes, Helen$3A600200047055$4070 702 1$aGrinker, Roy R. SR$3A600200047054$4070 801 0$aIT$bUNISOB$c20210128$gRICA 850 $aUNISOB 852 $aUNISOB$j300$m20890 912 $aE600200035104 940 $aM 102 Monografia moderna SBN 941 $aM 957 $a300$b001346$gSi$d20890$rAcquisto$1pregresso2$2UNISOB$3UNISOB$420080229115154.0$520190709103643.0$6Spinosa 996 $aToward a unified theory of human behavior$91683302 997 $aUNISOB LEADER 01277nam0 22003131i 450 001 UON00308972 005 20231205104046.505 100 $a20080304d1870 |0itac50 ba 101 $ager 102 $aDE 105 $a|||| 1|||| 200 1 $aShakespeare's dramatische Werke. 10. / nach der Uebersetzung von August Wilhelm Schlegel und Ludwig Tieck 210 $aBerlin$cG. Reimer$d1870 215 $a441 p.$d20 cm. 620 $aDE$dBerlin$3UONL003157 676 $a820$cLetteratura inglese e antico inglese$v21 700 1$aShakespeare$bWilliam$3UONV006939$0132200 702 1$aSCHLEGEL$bAugust Wilhelm$3UONV135762 702 1$aTIECK$bLudwig$3UONV114504 712 $aReimer Georg$3UONV272969$4650 790 0$aSAIKSPI'IR$zShakespeare, William$3UONV090012 790 1$a?EKSPIR, Vilijam$zShakespeare, William$3UONV229123 790 1$aSHEKSPIR, Uiliam$zShakespeare, William$3UONV285540 801 $aIT$bSOL$c20250509$gRICA 899 $aSIBA - SISTEMA BIBLIOTECARIO DI ATENEO$2UONSI 912 $aUON00308972 950 $aSIBA - SISTEMA BIBLIOTECARIO DI ATENEO$dSI Angl O.C 13 j $eSI LO 71526 5 j 996 $aShakespeare's dramatische Werke. 10.$91851474 997 $aUNIOR